| 000 | 00855nam a2200253Ia 4500 | ||
|---|---|---|---|
| 003 | GCL | ||
| 008 | 140319s9999 xx 000 0 ara d | ||
| 040 |
_aGCL / _cGCL |
||
| 082 | 0 | 4 |
_aق _b726.1 _bهـ م |
| 100 | 1 | _aهيئة الاثار المصرية | |
| 245 | 1 | 0 |
_aالمشهد الحسينى : _bالقاهرة الاسلامية / _cهيئة الاثار المصرية |
| 260 |
_aالقاهرة : _bهيئة الاثار المصرية ، _c1985 |
||
| 300 |
_a ؛ _c20 سم |
||
| 650 | 0 | 4 | _aتاريخ |
| 650 | 0 | 4 | _aالعمارة الاسلامية |
| 650 | 0 | 4 | _aالاثار الاسلامية |
| 650 | 0 | 4 | _aالمساجد |
| 650 | 0 | 4 | _aترميم |
| 650 | 0 | 4 | _aالقاهرة |
| 650 | 0 | 4 | _aمسجد الحسين |
| 650 | 0 | 4 | _aالمشهد الحسينى بالقاهرة |
| 650 | 0 | 4 | _aالفن الاسلامى |
| 942 |
_2ddc _cBK |
||
| 999 |
_c36256 _d36256 |
||